000 00516nam a2200181Ia 4500
999 _c14380
_d14380
003 OSt
005 20201020115445.0
008 190216s9999||||xx |||||||||||||| ||und||
020 _a9780199896620
040 _coclc
082 _a121
_bLOC/E
100 _aLocke, John
_95975
245 3 _aAn Essay Concerning Human Understanding /
_cJohn Locke
260 _bOxford University Press ,
_aNew Delhi:
_c1975.
300 _a520p
650 _aEnglish
942 _cBK
_2ddc
_h121
_iLOC/E
_k121
_mLOC/E